Gaming Quiz

Random Gaming Quiz

Classic Yu-Gi-Oh Spells And Traps (Images) Quiz Stats

 Plays Quiz not verified by Sporcle

Score 0/25 Timer 05:00
0 Plays Today
Spell or Trap % Correct
Monster Reborn
93.2%
Pot of Greed
91.7%
Swords of Revealing Light
87.5%
Dark Hole
87.2%
Polymerization
85.8%
Trap Hole
82.6%
Fissure
80%
Umi
73.8%
Mountain
71.5%
Yami
71.1%
Raigeki
68.2%
Stop Defense
67.3%
Forest
59.8%
Spell or Trap % Correct
Dragon Capture Jar
59.1%
Remove Trap
53.9%
Red Medicine
49.7%
Hinotama
46.1%
Two Pronged Attack
43.1%
Beast Fangs
38.4%
Legendary Sword
34%
Book of Secret Arts
32%
Electro-Whip
30.3%
Final Flame
26.1%
Goblin's Secret Remedy
21.7%
Gravedigger Ghoul
16.6%

You're not logged in!

Compare scores with friends on all Sporcle quizzes.
OR
Log In

Sporcle TV

Today on Sporcle TV


Watch our educational content, quiz creation guides, and fun videos on Sporcle TV.

Show Comments

Extras

Top Quizzes Today


Score Distribution

Your Account Isn't Verified!

In order to create a playlist on Sporcle, you need to verify the email address you used during registration. Go to your Sporcle Settings to finish the process.

Report this User

Report this user for behavior that violates our Community Guidelines.

Details: